Представление документа в формате MARC21

Поле Инд. ПП Название Значение
Тип записи a
Библиографический уровень a
001 Контрольный номер 567287b9b6564384a8c9aa2d12c82100
005 Дата корректировки 20220513121136.9
080 a Индекс УДК 338.24
097 b Оператор *Ир*
100 1_ a Автор Лачинина Т.А.
245 10 a Заглавие Методы и технологии инновационного маркетинга: управленческий и финансовый аспекты
b Продолж. заглавия статья
p Название части/ раздела - Текст : электронный
520 0_ a Аннотация В статье рассматриваются современные методы управления и технологии, финансовые источники, нацеленные на инновационную деятельность предприятия. Анализируется практика внедрения Scrum-команд и «инновационной фабрики» при осуществлении проектной деятельности. Дифференцируются методы и источники финансовых поступлений инновационной направленности функционала организации в современных реалиях.
653 0_ a Ключевые слова Инновационный маркетинг
653 0_ a Ключевые слова SCRUM
653 0_ a Ключевые слова Инновационная деятельность
700 12 a Другие авторы Чистяков М.С.
773 18 t Название источника Экономика и управление предприятиями, отраслями, комплексами в условиях инновационного развития : сб. науч. тр. III Междунар. науч.-практ. конф. : в 2 ч. Ч.1 (Тверь, 11 декабря 2017 г.) / под общ. ред. О.М. Дюжиловой, Г.Г. Скворцовой
d Место и дата издания Тверь : ТвГТУ, 2018
g Прочая информация С. 43-50
w Контрольный № источника 92180f94c3d949dd8fb98d1531188c5f
856 40 u URL https://elibrary.ru/item.asp?id=32495554&pff=1
901 t Тип документа b
905 a Дата создания записи 13.05.22
950 a Редактор записи гм